000 004680000a22001930004500
001 004958
003 MACL
005 20150908135545.0
008 150908b xxu||||| |||| 00| 0 eng d
040 _aMACL
_cMACL
041 _aEnglish
082 _a801.95/RAO
100 _aRao, Mukunda
_99253
245 _aThe Death Of An Activist
_cMukunda Rao
260 _aNew Delhi
_c1997
_bDisha Books,
350 _a100
650 _aPhilosophy
_99254
942 _k802
_cBK
_2ddc
999 _c16841
_d16841